Welcome to the Holygrace Academy Library

Please use search bar below to get started

1001 KUSRUTHIKAL (Record no. 1008)

MARC details
000 -LEADER
fixed length control field 00338nam a22001337a 4500
082 ## - DEWEY DECIMAL CLASSIFICATION NUMBER
Classification number 894-812-3
Item number SEB/T
100 ## - MAIN ENTRY--AUTHOR NAME
Personal name PAUL SEBASTIAN - VARGHESE PAUL
245 ## - TITLE STATEMENT
Title 1001 KUSRUTHIKAL
Remainder of title KUSRUTHIKAL
246 ## - VARYING FORM OF TITLE
Title proper/short title 1001 KUSRUTHIKAL
Remainder of title KUSRUTHIKAL
260 ## - PUBLICATION, DISTRIBUTION, ETC. (IMPRINT)
Place of publication CHALAKUDY
Name of publisher AKSHAYA PUBLICATIONS
Year of publication 1992
300 ## - PHYSICAL DESCRIPTION
Number of Pages 96
520 ## - SUMMARY, ETC.
Summary, etc FUN
942 ## - ADDED ENTRY ELEMENTS (KOHA)
Koha item type Books
Holdings
Withdrawn status Lost status Collection code Home library Current library Shelving location Date acquired Source of acquisition Cost, normal purchase price Full call number Accession Number Koha item type
    Non-fiction Main Library Main Library SHELF-6 B PAZHAMCHOLLUKAL,GAMES,HUMOUR 11/03/2014 Purchase 10.00 894-812-3 SEB/T 07788 Books